[Event "Dortmund SuperGM 36th"]
[Site "Dortmund"]
[Date "2008.07.05"]
[Round "6"]
[White "Naiditsch, Arkadij"]
[Black "Van Wely, Loek"]
[Result "1-0"]
[WhiteElo "2624"]
[BlackElo "2677"]
[Annotator "Ftacnik,L"]
[PlyCount "51"]
[EventDate "2008.06.28"]
[EventType "tourn"]
[EventRounds "7"]
[EventCountry "GER"]
[EventCategory "18"]
[SourceTitle "CBM 125"]
[Source "ChessBase"]
[SourceDate "2008.07.30"]
[SourceVersion "1"]
[SourceVersionDate "2008.07.30"]
[SourceQuality "1"]

1. e4 c5 2. Nf3 d6 3. d4 cxd4 4. Nxd4 Nf6 5. Nc3 a6 6. Bc4 e6 7. Bb3 Nbd7 8.
Bg5 h6 9. Bh4 Nc5 10. Qe2 Be7 11. O-O-O O-O {The position with opposite
castling seems to be quite dangerous for Black. Van Wely must have done his
homework and realised, that he can peacefully castle.} (11... Qc7 12. f4 Nfxe4
13. Nxe4 Bxh4 14. Nf5 Nxb3+ (14... Nxe4 15. Qxe4 d5 16. Bxd5 Bf6 17. Bb3 O-O
$11) 15. axb3 d5 16. Nxg7+ Kf8 17. Nh5 Be7 18. Nc3 b5 19. f5 b4 20. fxe6 bxc3
21. Rhf1 Rh7 22. Qd3 Bg5+ 23. Kb1 Kg8 24. exf7+ Rxf7 25. Qg6+ {1-0 Mueller,K 
(2521)-Shchekachev,A (2522)/Austria 2003}) 12. Bg3 (12. f4 Nfxe4 13. Nxe4 Nxb3+
14. Nxb3 Bxh4 15. Rxd6 Qc7 16. g3 Be7 17. Rd2 Bd7 18. Rhd1 Bb5 19. Qe3 Rfd8 20.
Rxd8+ Rxd8 21. Rxd8+ Qxd8 22. Nc3 Be8 {1/2 Estay,O (2275)-Michel Yunis,C (2295)
/Santiago 1998 (70)}) (12. e5 Nxb3+ 13. axb3 Nd5 14. Bxe7 Qxe7 15. Nxd5 exd5
$14) 12... Qc7 (12... e5 $5 13. Nf3 Bd7 14. Kb1 b5 $13) 13. e5 $5 {Naiditsch
is looking for an opening of the centre in order to improve his pieces. The
activity of forces will be decisive once the pawn storms against the kings get
into full swing.} dxe5 (13... Nxb3+ 14. axb3 dxe5 15. Bxe5 Qa5 16. Kb1 Rd8 17.
f4 Bd7 $13) 14. Bxe5 Qa5 15. Kb1 Bd7 16. f4 b5 (16... Rfd8 17. g4 Bb5 18. Ndxb5
axb5 19. g5 hxg5 20. fxg5 Nfd7 21. g6 Nxb3 22. gxf7+ Kxf7 $13) 17. g4 b4 18. g5
bxc3 $2 {Very brave and at the same time a miserable solution to the serious
crisis. Black had a perfect trick at his disposal and the position would still
be equal.} (18... hxg5 19. fxg5 Ng4 $1 20. Qxg4 bxc3 21. Nf3 (21. g6 Nxb3 22.
Nxb3 Qxe5 23. Rxd7 Bf6 $15) 21... Nxb3 22. Bxc3 Qa4 23. Qxa4 Bxa4 24. axb3 Bc6
25. Rhf1 Bxf3 26. Rxf3 Bxg5 $11) 19. gxf6 gxf6 (19... Bxf6 20. Bxf6 gxf6 21.
Qh5 Kh7 (21... Nxb3 22. Qxh6 Nd2+ 23. Rxd2 cxd2 24. Rg1+ Qg5 25. fxg5 $18) 22.
Nxe6 Bxe6 (22... fxe6 $2 23. Rxd7+ Nxd7 24. Qxa5 $18) 23. Bxe6 fxe6 24. Rd7+
Nxd7 25. Qxa5 $18) 20. Nf5 $5 {[%mdl 128] Naiditsch is spoiled for choices,
even the direct attack along the g-file was already winning.} (20. Rhg1+ Kh7
21. Nxe6 $1 Bxe6 (21... fxe6 22. Rxd7 Nxd7 23. Qd3+ f5 24. Rg7+ Kh8 25. Qh3 $18
) 22. Bxe6 fxe6 23. Qh5 Rg8 24. Bxc3 $18) 20... exf5 (20... fxe5 21. Nxh6+ Kg7
22. Qg4+ Kh7 23. Rhg1 $18) 21. Bxc3 Qd8 (21... Qxc3 22. Qxe7 Rae8 23. Bxf7+ Kh8
(23... Rxf7 24. Rdg1+ Kh8 25. Qxf7 $18) 24. Bxe8 Rxe8 25. Qxe8+ Bxe8 26. bxc3
$18) 22. Qh5 {The picture of the unsual pawn structure is truly spectacular;
the black pieces are unable to come and help their own king.} Kh7 23. Rhg1 Qe8
(23... Rg8 24. Qxf7+ Kh8 25. Rxg8+ Qxg8 26. Qxe7 $18) 24. Rg3 Rg8 (24... Ne4
25. Rh3 $18) 25. Bxf7 Rxg3 26. hxg3 (26. hxg3 Qf8 27. Qg6+ Kh8 28. Rh1 $18) 1-0

[Event "Julian Borowski-A 3rd"]
[Site "Essen"]
[Date "2001.05.11"]
[Round "9"]
[White "Nijboer, Friso"]
[Black "Bischoff, Klaus"]
[Result "1-0"]
[WhiteElo "2580"]
[BlackElo "2533"]
[Annotator "Ftacnik,L"]
[PlyCount "47"]
[EventDate "2001.05.02"]
[EventType "tourn"]
[EventRounds "9"]
[EventCountry "GER"]
[EventCategory "15"]
[SourceTitle "CBM 083"]
[Source "ChessBase"]
[SourceDate "2001.07.05"]
[SourceVersion "1"]
[SourceVersionDate "2001.07.05"]
[SourceQuality "1"]

1. e4 c5 2. Nf3 d6 3. d4 cxd4 4. Nxd4 Nf6 5. Nc3 a6 6. Bc4 e6 7. Bb3 Nbd7 8. f4
Nc5 9. Qf3 b5 10. f5 Bd7 11. a3 Be7 (11... e5 12. Nde2 h6 13. Bd5 Rb8 14. Ng3
Nxd5 15. Nxd5 Bc6 16. Be3 Bxd5 17. exd5 Nd7 18. Ne4 {1-0 Kovalev,A-Tataev,M/
Moscow/1990/ (34)}) (11... Nxb3 12. cxb3 Be7 13. fxe6 fxe6 14. e5 dxe5 15. Nc6
Bxc6 16. Qxc6+ Kf7 17. O-O Qd4+ 18. Kh1 Rhc8 19. Qb7 b4 {0-1 Castelltort
Fernandez,A-Nedobora,M/Badalona/ 1993/ (34)}) 12. Be3 {White's concept of
preventing b5-b4 push will be combined with the solid control in the center,
but black has enough counterplay.} Qc8 (12... Nxb3 13. cxb3 e5 14. Nde2 b4 $5
15. axb4 Qb8 $13) 13. Rd1 Rb8 14. O-O b4 (14... Nxb3 15. Nxb3 O-O $11) 15. axb4
Rxb4 (15... Nxb3 16. cxb3 (16. Nxb3 Rxb4 $13) 16... e5 17. Nc2 $14) 16. Qg3
Nxb3 17. cxb3 e5 18. Nd5 $5 {Nijboer has to play creatively, otherwise black
would enjoy safe advantage of two bishops and extra pawn.} (18. Nf3 Rxb3 $17)
18... Nxd5 (18... exd4 $2 19. Qxg7 Rf8 20. Nxe7 Nh5 21. Nxc8 Nxg7 22. Nxd6+ $18
) 19. exd5 exd4 $2 (19... Bf6 $1 20. Rc1 Qa8 21. Qe1 Rb8 22. Nc6 Rxb3 $17) 20.
Bd2 $1 {[%mdl 128] The ccordination of black pieces is suddenly rather poor
and open e file deadly for his king.} Qc5 (20... Rb5 21. Qxg7 Rf8 22. f6 $18)
21. Bxb4 Qxd5 (21... Qxb4 22. Qxg7 Rf8 23. f6 $18) 22. Rde1 Kf8 23. Rxe7 $1
Kxe7 24. Qg5+ (24. Qg5+ Ke8 (24... Kf8 25. Qd8+ Be8 26. Re1 $18) 25. Re1+ Be6
26. Qxg7 Rf8 27. fxe6 $18) 1-0

[Event "EU-ch 18th"]
[Site "Minsk"]
[Date "2017.06.07"]
[Round "8"]
[White "Ivanisevic, Ivan"]
[Black "Cheparinov, Ivan"]
[Result "0-1"]
[WhiteElo "2638"]
[BlackElo "2688"]
[Annotator "Ftacnik,L"]
[PlyCount "112"]
[EventDate "2017.05.30"]
[EventType "swiss"]
[EventRounds "11"]
[EventCountry "BLR"]
[SourceTitle "CBM 179"]
[Source "ChessBase"]
[SourceDate "2017.07.12"]
[SourceVersion "1"]
[SourceVersionDate "2017.07.12"]
[SourceQuality "1"]

1. e4 c5 2. Nf3 d6 3. d4 cxd4 4. Nxd4 Nf6 5. Nc3 a6 6. Bc4 e6 7. Bb3 Nbd7 8.
O-O Nc5 {A glance into Megabase reveals that White is scoring rather poorly in
the line 7...Nbd7. The rook move is a solid choice supporting White's central
pawn advance without any special risk.} 9. Re1 (9. f4) 9... Be7 10. f4 O-O 11.
e5 Ne8 {The retreat of the knight to e8 without opening the centre is a rare
continuation based on a very sound idea. Black shows litte interest in
fighting White in a direct confrontation before he manages to catch up with
the development of pieces.} (11... dxe5 12. fxe5 Nxb3 13. axb3 Bc5 (13... Nd7
14. Nf3 Qc7 15. Ra4 Rd8 16. Qe2 Rb8 17. Rc4 Bc5+ 18. Kh1 b5 19. Rg4 Bb7 20. Bh6
Bf8 21. Qf2 f5 $15 {0-1 (32) Reguera Zayas,A-Vasquez Schroder,R (2490) Seville
1994}) 14. Be3 Nd5 15. Bf2 (15. Nxd5 Qxd5 16. Nf3 Rd8 17. Qxd5 Bxe3+ 18. Rxe3
Rxd5 19. c4 Rd8 20. b4 Bd7 21. Rd3 Bc6 22. Rad1 $11 {½-½ (34) Sofronie,I 
(2456)-Florean,A (2429) Romania 2001}) 15... Nxc3 16. bxc3 f5 17. exf6 Qxf6 18.
Be3 Bd7 19. Qd2 Bxd4 20. Bxd4 Qf4 21. Re3 Bc6 22. Qe2 Rad8 23. Rd1 $14 {
1-0 (34) Tomczak,J (2564)-Anton,T (2438) Kazan 2013}) 12. Be3 (12. Qg4 Qc7 13.
Qg3 b5 14. a3 dxe5 15. fxe5 Nxb3 16. Nxb3 Bb7 17. Kh1 g6 18. Bg5 Ng7 19. Bxe7
Qxe7 20. Na5 Nh5 21. Qe3 $11 {1/2-1/2 (27) Kupka,F-Cmiko,J Cesky Brod 1996})
12... Bd7 (12... Qc7 13. Bf2 b5 14. a3 Bb7 15. Ba2 Rd8 16. Qe2 g6 17. Rad1 Ng7
18. Qg4 dxe5 19. fxe5 Rxd4 20. Rxd4 Nf5 21. Rd2 Qc6 22. Qh3 $11 {0-1 (58)
Leito,P-Pedersen,S (2325) Ringsted 1992}) 13. Bf2 {Ivanisevic shows some
respect for his strong opponent and doesn't try to force matters on the
kingside.} (13. Qh5 g6 14. Qh3 Ng7 15. Rad1 Qc7 16. Bf2 f6 17. Bg3 Nxb3 18.
axb3 dxe5 19. fxe5 f5 20. Bf2 Rad8 21. Qe3 g5 $11 {0-1 (32) Nattermueller,
I-Maksimenko,A (2502) Senden 2001}) 13... Rc8 14. Ne4 Nxb3 15. axb3 dxe5 16.
fxe5 f6 {Cheparinov feels that the moment has arisen to open up the play and
hope for the best with his bishop pair.} (16... Qc7 17. c3 Rd8 (17... Qxe5 $4
18. Bg3 Qd5 19. c4 $18) 18. Nd2 $14) 17. exf6 {White will live to regret some
of his choices, but he can certainly afford this confrontation.} (17. c3 $5
fxe5 18. Nf3 Bc6 19. Nxe5 Bd5 20. Bd4 $11) 17... Nxf6 18. Bg3 (18. Ng5 e5 19.
Nde6 Bxe6 20. Nxe6 Qxd1 21. Raxd1 Rfe8 22. c3 Ng4 23. Rd7 Bf6 24. Nc7 Red8 $11)
18... Qb6 19. c3 Nxe4 20. Rxe4 Bf6 21. Be5 {Safety first, but White should not
have worried about the dangers of Black's activity. The position with opposite
coloured bishops was easy to hold.} (21. Qd2 Bc6 22. Rxe6 Bxd4+ 23. Qxd4 Qxd4+
24. cxd4 Bd5 25. Rd6 Bxb3 26. Be5 $11) 21... Bc6 22. Re3 Bd5 23. b4 Bxe5 24.
Rxe5 Rf4 (24... Rf6 25. Qe2 Qd6 26. Re1 $11) 25. Qd2 Rcf8 26. Rae1 Bc4 27. h3
Rf1+ 28. Rxf1 $2 {Black has managed to activate his pieces to the maximum and
White becomes worried. Objectively it was much better to keep the rook on e1
as White would play against the e6-pawn.} (28. Kh2 $1 R8f2 29. Qe3 Rxe1 30.
Qxe1 Rxb2 31. Nxe6 Qd6 32. Nf4 $11) 28... Rxf1+ 29. Kh2 Qc7 30. Qe3 Bd5 31. Qg3
(31. b3 b5 32. Qg3 Rb1 $17) 31... Rb1 $1 32. Re3 (32. b3 b5 $17) (32. Re2 $2
Rh1+ $19) 32... Qxg3+ 33. Kxg3 Rxb2 34. Nxe6 Rxg2+ 35. Kf4 {[%mdl 256] A phase
of very difficult defence begins, but White is not devoid of counterchances.} (
35. Kh4 $2 h6 $17) 35... Kf7 36. Nc5 (36. Ng5+ Kg6 37. Ne4 Bc6 $17) 36... Rf2+
(36... Bc6 $1 37. h4 Rh2 38. Kg3 Rd2 $17) 37. Kg3 {Ivanisevic could not find
the courage to break into the open and activate the king. It would have been
much more difficult for his opponent to convert the advantage.} (37. Ke5 $5 Bg2
38. Ne4 $15) 37... Rf5 (37... Rd2 38. Kf4 h6 $17) 38. Rd3 (38. c4 $1 Bxc4 39.
Nxb7 Rf6 40. Re4 Bb5 41. Nd8+ Kg8 42. Re7 h6 $17) 38... Kf6 39. Re3 Bc6 40.
Ne4+ (40. Re6+ Kf7 41. Re3 $17) 40... Kg6 41. Nd6 Rd5 42. Nc8 $6 {When all is
bad players begin to lose objectivity and look for something unsusal. The
knight will be looking for a good spot without success.} (42. Re6+ $5 Kh5 43.
c4 Rd3+ 44. Kf2 g5 45. b5 axb5 46. cxb5 Bh1 $17) (42. Nc4 Bb5 43. Na5 b6 44.
Nb3 Kf6 $17) 42... Kf6 43. Nb6 Rg5+ 44. Kh4 {Everybody understands that h4 is
not a very desirable spot due to a mating attack. In a difficult position
White is choosing to tempt his opponent.} (44. Kf2 Rg2+ 45. Kf1 Rc2 $17) 44...
Rg2 (44... Re5 45. Rd3 g5+ 46. Kg3 Re2 47. Kg4 Re4+ 48. Kg3 Kf5 $19) 45. Nc4
Kf5 46. Rd3 (46. Re7 g5+ 47. Kh5 Rh2 48. Nd6+ Kf4 49. Rf7+ Ke5 50. Nc4+ Ke6 51.
Rf8 h6 $19) 46... Rg1 {The computer is convinced that the most efficient way
was to advance the b-pawn.} (46... b5 $1 47. Nd6+ (47. Nd2 Kf4 $19) 47... Ke6
48. c4 Rb2 $19) 47. Nd6+ Ke6 48. Nc4 Kf5 (48... h6 49. Re3+ Kf5 $17) 49. Nd6+
Kf6 50. Re3 Rd1 (50... h6 51. Kh5 b5 $17) 51. Nc4 Rd5 52. Na5 Re5 53. Rd3 Bd5
54. c4 $2 {Losing his nerve after a very painful defence. This small blunder
will speed up White's demise.} (54. Rd4 b5 55. c4 bxc4 56. Nxc4 Re4+ $17) 54...
Bxc4 55. Rd6+ Be6 56. Nxb7 Re3 0-1

[Event "Dortmund SuperGM 36th"]
[Site "Dortmund"]
[Date "2008.06.28"]
[Round "1"]
[White "Naiditsch, Arkadij"]
[Black "Nepomniachtchi, Ian"]
[Result "1/2-1/2"]
[WhiteElo "2624"]
[BlackElo "2634"]
[Annotator "Ftacnik,L"]
[PlyCount "59"]
[EventDate "2008.06.28"]
[EventType "tourn"]
[EventRounds "7"]
[EventCountry "GER"]
[EventCategory "18"]
[SourceTitle "CBM 125"]
[Source "ChessBase"]
[SourceDate "2008.07.30"]
[SourceVersion "1"]
[SourceVersionDate "2008.07.30"]
[SourceQuality "1"]

1. e4 c5 2. Nf3 d6 3. d4 cxd4 4. Nxd4 Nf6 5. Nc3 a6 6. Bc4 e6 7. Bb3 Nbd7 8.
Bg5 h6 9. Bxf6 Qxf6 10. O-O g5 $5 {The exchange of the dark-squared bishop on
f6 can be justified only by betting on the disparity in development.
Nepomniachtchi radically fights against the dangerous f2-f4 pawn advance.} (
10... Be7 11. f4 Bd8 12. e5 dxe5 13. f5 exd4 14. fxe6 dxc3 15. exd7+ Bxd7 16.
Rxf6 Bxf6 17. Bxf7+ Kxf7 18. Qxd7+ Kg6 19. Qd3+ Kf7 20. Qd5+ Kg6 21. Qe4+ Kf7
22. Qxb7+ {1-0 Horvath,T (2425)-Horvath,J (2505)/Zalakaros 1992 (29)}) 11. Nde2
(11. f4 Bg7 12. e5 dxe5 13. f5 e4 14. Nce2 exf5 15. Rxf5 Qb6 16. Rxf7 Bf6 17.
Qd2 Ne5 18. Rxf6 Qxf6 19. Rf1 Qb6 20. Nc3 Nc6 21. Bf7+ Kd8 22. Qf2 Qxd4 23. Rd1
Qxd1+ 24. Nxd1 {1-0 Nisipeanu,L (2695)-Grischuk,A (2719)/Foros 2006 (38)})
11... Rg8 12. f4 (12. a4 Qe5 13. Nc1 Nc5 14. Nd3 Qd4 $13) 12... gxf4 13. Nxf4
Qg5 {The opening ended as a relative success for Black, since Naiditsch will
be unable to inflict any damage on the dark squares.} (13... Qe5 14. Kh1 Be7
15. Nd3 Qg5 16. Qe2 Ne5 $11) 14. Kh1 Ne5 (14... Be7 15. a4 Ne5 16. a5 Bd7 17.
Ba4 $11) 15. Na4 Bd7 16. Nb6 Rd8 {Despite relative progress on the queenside
Black's position remains rock solid.} 17. Qe2 (17. c3 Bc6 18. Ba4 Qh4 $11)
17... Bb5 18. c4 (18. Ba4 Bxa4 19. Nxa4 Rc8 20. Rad1 Be7 $11) 18... Bc6 19.
Rae1 Bg7 20. Bd1 (20. g3 Qe7 $11) 20... Ng6 21. Nh5 (21. Nfd5 Be5 22. Qf2 Rg7
23. Nb4 Kf8 $11) 21... Be5 22. Nd5 $6 {Naiditsch is a player with a strong
temperament. He must have been frustrated by the inability to prepare any real
problems for his opponent.} (22. Ba4 Bxa4 23. Nxa4 Rc8 24. Nb6 Rc7 25. g3 $11)
22... exd5 (22... Kf8 $2 23. Qf2 Be8 24. Ndf6 $16) 23. exd5 Bd7 (23... Bxd5 $2
24. Nf6+ Ke7 25. Nxd5+ $16) 24. Nf6+ Ke7 (24... Kf8 $2 25. Nh7+ $18) 25. Ne4 (
25. Nxg8+ Rxg8 26. g3 Rc8 $15) 25... Qh4 $6 {The critical position of the
middlegame; Black had to display some courage and play the queen to c1 with
better prospects.} (25... Qc1 $5 26. Nf6 Rg7 27. Nxd7 (27. Ba4 $2 Nf4 $19)
27... Rxd7 28. Ba4 Qg5 29. Bxd7 Kxd7 30. g3 f5 $17) (25... Nf4 $2 26. Nxg5 Nxe2
27. Nxf7 Rdf8 28. Nxe5 $18) 26. g3 Qh3 27. Nf2 Qf5 (27... Nf4 $2 28. Qf3 $1
Qg2+ 29. Qxg2 Nxg2 30. Kxg2 $16) 28. Ne4 Qh3 29. Nf2 Qf5 30. Ne4 1/2-1/2

[Event "FRA-ch"]
[Site "Aix les Bains"]
[Date "2003.08.22"]
[Round "5"]
[White "Sokolov, Andrei"]
[Black "Lautier, Joel"]
[Result "1/2-1/2"]
[WhiteElo "2554"]
[BlackElo "2677"]
[Annotator "Ftacnik,L"]
[PlyCount "69"]
[EventDate "2003.08.18"]
[EventType "tourn"]
[EventRounds "11"]
[EventCountry "FRA"]
[EventCategory "13"]
[SourceTitle "CBM 097"]
[Source "ChessBase"]
[SourceDate "2003.11.11"]
[SourceVersion "1"]
[SourceVersionDate "2003.11.11"]
[SourceQuality "1"]

1. e4 c5 2. Nf3 d6 3. d4 cxd4 4. Nxd4 Nf6 5. Nc3 a6 6. Bc4 e6 7. Bb3 Nbd7 8.
Bg5 Nc5 9. f4 Be7 10. Qf3 Qc7 11. O-O-O b5 12. Bxf6 Nxb3+ 13. axb3 Bxf6 14. Nf5
$5 exf5 15. Nd5 Qb7 16. Rhe1 (16. exf5 O-O 17. Rhe1 Kh8 18. Qh3 Bd8 19. g4 f6
20. Qh5 Kg8 21. Nc3 Qf7 22. Qxf7+ Kxf7 23. Ne4 Bc7 24. Nxd6+ Bxd6 25. Rxd6 Re8
{0-1 Istratescu,A-Akopian,V/Mamaia 1991/ (30)}) 16... O-O 17. Nxf6+ (17. exf5
Kh8) 17... gxf6 18. Qg3+ Kh8 19. Qh4 Qe7 (19... Kg7 $2 20. Rd3 Re8 (20... Rg8
21. Rg3+ Kf8 22. Qh6+ Ke7 23. exf5+ Be6 24. fxe6 $18) 21. Rg3+ Kf8 22. Qxf6 $18
) 20. e5 $1 {Black is facing surprisingly strong problems in this rare line,
the main task is a simple survival of the attack against his king.} (20. Rd3
fxe4 21. Rxe4 Qxe4 22. Qxf6+ Kg8 23. Rg3+ Qg6 24. Rg5 Re8 25. f5 Bxf5 26. Qxf5
Re2 27. Rxg6+ hxg6 28. Qf3 Rae8 $17) 20... dxe5 (20... Qd8 21. Rxd6 Bd7 22.
Red1 Ra7 23. exf6 $16) 21. Rd3 (21. Rxe5 Be6 22. Rd7 Qxd7 23. Qxf6+ Kg8 24.
Qg5+ Kh8 25. Qf6+ $11) 21... Rg8 22. Rh3 Rg7 23. fxe5 Bb7 (23... f4 24. exf6
Qxe1+ 25. Qxe1 Rg8 26. Rh4 Bb7 27. Qe7 Bxg2 28. Qxf7 Be4 29. Rxf4 Rg1+ 30. Kd2
$18) 24. exf6 Qxe1+ 25. Qxe1 Rxg2 26. Qh4 $2 {[%mdl 128] Sokolov is probably
throwing away the win, much more unpleasant was 26.Qe7! with excellent scoring
chances.} (26. Qe7 $1 Rg1+ (26... Be4 27. Qxf7 Rxc2+ (27... f4 28. Qe7 Rg1+ 29.
Kd2 Rg2+ 30. Ke1 Bf5 31. Rg3 $1 $18) 28. Kd1 Rd8+ 29. Ke1 Rc1+ 30. Ke2 Rc2+ 31.
Ke3 $18) 27. Kd2 Bd5 (27... Rg2+ 28. Ke3 Bd5 29. Qd7 Be6 30. Qc6 Rag8 31. Rh4
$18) 28. Rd3 Rg2+ 29. Ke3 Be6 30. Rd8+ Rxd8 31. Qxd8+ Rg8 32. Qb6 Ra8 33. c4
$18) 26... Rg1+ 27. Kd2 Rd8+ 28. Ke2 {Now the perpetual check can no longer be
avoided.} (28. Kc3 $5 Rc8+ 29. Kd3 Rd8+ 30. Ke3 f4+ $1 (30... Re8+ 31. Kf2 Rg2+
32. Kf1 $18) 31. Qxf4 (31. Kf2 Rg2+ 32. Ke1 Rg1+ 33. Ke2 Rg2+ $11) 31... Re8+
32. Kf2 Rg2+ 33. Kf1 Rge2 34. Qg4 Bg2+ 35. Kg1 Re1+ 36. Kxg2 Rg8 $14) 28...
Rg2+ 29. Ke1 Rg1+ 30. Ke2 Rg2+ 31. Ke3 Re8+ 32. Kd3 (32. Kd4 $4 Re4+ $19) 32...
Rd8+ 33. Ke3 Re8+ 34. Kd3 Rd8+ 35. Ke3 1/2-1/2

[Event "Santiago Entel Cup"]
[Site "Santiago de Chile"]
[Date "2004.03.29"]
[Round "11"]
[White "Leitao, Rafael Duailibe"]
[Black "Panno, Oscar"]
[Result "1-0"]
[WhiteElo "2566"]
[BlackElo "2485"]
[Annotator "Ftacnik,L"]
[PlyCount "51"]
[EventDate "2004.03.22"]
[EventType "tourn"]
[EventRounds "11"]
[EventCountry "CHI"]
[EventCategory "9"]
[SourceTitle "CBM 100"]
[Source "ChessBase"]
[SourceDate "2004.06.01"]
[SourceVersion "1"]
[SourceVersionDate "2004.06.01"]
[SourceQuality "1"]

1. e4 c5 2. Nf3 d6 3. d4 cxd4 4. Nxd4 Nf6 5. Nc3 a6 6. Bc4 e6 7. Bb3 Nbd7 8.
Bg5 Nc5 9. f4 Be7 10. Qf3 Qc7 11. O-O b5 12. f5 {Leitao is a very sharp player
and this line suits him just fine with all pieces in attacking positions.} (12.
e5 Bb7 13. Qe2 dxe5 14. fxe5 Nfe4 15. Bxe7 Nxc3 16. Qg4 Qxe7 17. bxc3 O-O 18.
Rfe1 Rac8 19. Re3 h6 20. Rg3 Qg5 21. Qe2 Qe7 22. Qe3 {1-0 Garrido,J-Alcaraz
Soriano,A/Toledo 2003/ (38)}) 12... b4 (12... e5 13. Bxf6 Bxf6 14. Nd5 Qd7 15.
Nxf6+ gxf6 16. Bd5 Bb7 17. Ne2 Bxd5 18. exd5 $14) 13. fxe6 $5 (13. Na4 Nxb3 14.
Qxb3 (14. axb3 e5 15. Ne2 Bb7 16. Bxf6 Bxf6 17. c4 O-O $15) 14... e5 (14...
Nxe4 15. Bxe7 Qxe7 16. Qxb4 $14) 15. Bxf6 Bxf6 16. Nf3 a5 $15) 13... bxc3 14.
Nf5 Nxb3 (14... cxb2 15. Rad1 (15. exf7+ Kf8 16. Rab1 Bxf5 17. Qxf5 Ncxe4 $19)
(15. Nxg7+ Kd8 16. Rae1 Nfxe4 $17) (15. Rab1 $1 Qa7 (15... Nxe6 16. Bxe6 fxe6
17. Nxg7+ Kd7 18. Bxf6 Rf8 19. e5 Qc5+ 20. Kh1 $14) 16. Kh1 Ncxe4 17. Bxf6 Nxf6
18. exf7+ Kf8 19. Nxe7 Kxe7 20. Rbe1+ Kf8 21. Qxf6 gxf6 22. Re8+ Kg7 23. Rg8+
$18) 15... Qa7 (15... Nxe6 16. Bxe6 fxe6 17. Nxg7+ Kd7 18. Bxf6 Rf8 19. e5 Rb8
20. Nxe6 $1 $18) 16. Kh1 Ncxe4 17. Bxf6 Nxf6 18. exf7+ Kf8 19. Nxe7 Bg4 20. Qc6
Bxd1 21. Nc8 Qc5 22. Qxa8 $18) 15. Nxg7+ Kd8 (15... Kf8 16. Bxf6 Bxf6 (16...
Nxa1 17. Bxe7+ Qxe7 18. Qxf7+ Qxf7 19. Rxf7+ Kg8 20. Nf5 Bxe6 21. Nh6#) 17.
Qxf6 cxb2 18. Rab1 $18) 16. cxb3 Qc5+ $2 {[%mdl 128] Panno is not so happy
about the mess on the board. It was much more difficult for white to prove his
ideas after the coolbloded move 16...cxb2!} (16... cxb2 $1 17. Rad1 Ne8 18.
Nxe8 Rxe8 19. exf7 Rf8 20. Bh6 Qc5+ 21. Kh1 Qe5 22. Bxf8 Bxf8 23. Qf2 $16) 17.
Be3 Qb5 18. Bd4 cxb2 (18... fxe6 19. Bxf6 cxb2 20. Rad1 $18) 19. Bxb2 Ne8 (
19... Nxe4 20. Qxe4 Bb7 21. Qe3 Qc6 22. Rf3 $18) 20. Nf5 fxe6 (20... Rf8 21.
Nxe7 Kxe7 22. Bf6+ $1 Nxf6 (22... Kxe6 23. Qh3+ Qf5 24. Qxf5#) 23. Qxf6+ Ke8
24. e7 $18) 21. Nxe7 e5 (21... Kxe7 22. Bxh8 Kd8 23. Qf8 $18) 22. Qh5 $1 {
With complete material equality white's attack can be enhanced at no cost.} Be6
(22... Kxe7 23. Rf7+ Kd8 24. Qg5+ $18) 23. Qh4 Kc7 24. Ng6 Rg8 (24... hxg6 25.
Qxh8 Qe2 26. Bxe5 $1 dxe5 27. Qxe5+ Kd7 28. Rad1+ Ke7 29. Qg5+ $18) 25. Rac1+
Kb7 26. Nf8 (26. Nf8 Bd7 27. Qe7 $18) 1-0